Transplantationszentren in Deutschland - Statistiken

Allgemein
  • Dieses Quiz wurde 50 mal gespielt
  • Das Durchschnittsergebnis liegt bei 30 aus 43
Antwortstatistiken
Organe Transplantationszentrum % Korrekt
Niere, Leber, Pankreas Berlin
100%
Herz, Lunge Berlin DHZ
100%
Herz, Lunge, Niere, Leber, Pankreas München Großhadern
97%
Niere, Pankreas München rechts der Isar
97%
Niere, Pankreas Köln
93%
Herz, Leber Köln-Lindenthal
93%
Niere, Pankreas Dresden
90%
Herz, Lunge, Niere, Leber, Pankreas Hamburg
90%
Herz, Niere, Leber, Pankreas Kiel
90%
Niere, Leber, Pankreas Frankfurt am Main
87%
Herz, Lunge, Niere, Leber, Pankreas Hannover
87%
Herz, Niere, Leber, Pankreas Leipzig
87%
Niere, Leber, Pankreas Rostock
87%
Niere Stuttgart
87%
Niere, Leber Aachen
83%
Niere Bremen
83%
Herz, Niere Düsseldorf
83%
Lunge, Niere, Leber, Pankreas Mainz
83%
Leber Magdeburg
80%
Herz, Lunge, Niere, Leber, Pankreas Essen
77%
Herz, Lunge, Niere, Pankreas Freiburg
77%
Lunge, Niere, Leber Homburg/Saar
77%
Niere Mannheim
77%
Niere, Leber, Pankreas Bonn
73%
Herz, Niere, Pankreas Erlangen-Nürnberg
73%
Niere Halle
73%
Lunge, Niere, Leber, Pankreas Münster
73%
Herz, Niere, Leber Regensburg
73%
Herz, Niere, Leber, Pankreas Heidelberg
70%
Niere, Pankreas Lübeck
70%
Herz, Niere, Leber, Pankreas Würzburg
63%
Niere Augsburg
60%
Niere, Pankreas Bochum
57%
Herz Göttingen
57%
Herz, Lunge, Niere, Leber, Pankreas Jena
57%
Niere, Pankreas Marburg
50%
Herz, Lunge, Niere Gießen
43%
Niere, Leber, Pankreas Tübingen
43%
Niere Fulda
30%
Niere, Pankreas Kaiserslautern
27%
Herz Bad Nauheim
3%
Herz, Lunge Bad Oeynhausen
3%
Niere Hann. Münden
3%
Keine übereinstimmenden Quizze gefunden
Verteilung der Resultate
Anzahl Personen mit jedem Resultat
Perzentil nach korrekt beantworteten Fragen
Ihre Resultats-Entwicklung
Sie haben dieses Quiz noch nicht gespielt